La economía del agua subterránea y su gestión colectiva /

Se reunen trabajos sobre la valoración, la administración y el papel económico de las aguas subterráneas en España. Su uso para riego y para el abasto urbano. Se incluye un artículo sobre los aspectos socioeconómicos de las aguas emvasadas producto de la utilización de aguas subterráneas.

Gardado en:
Detalles Bibliográficos
Autor Principal: Hernández-Mora, Nuria (ed.)
Outros autores: Llamas, M. Ramón (edición) (edición)
Formato: Libro
Idioma:Lingua castelá
Publicado: Santander, España : Madrid, España : Fundación Marcelino Botín ; Mundi-Prensa, 2001, c2001
Series:(Ciencia y Economía ; 6)
Temas:
Etiquetas: Engadir etiqueta
Sen Etiquetas, Sexa o primeiro en etiquetar este rexistro!

MARC

LEADER 00000nam^a2200000^a^4500
001 000129795
005 20250521000000.0
009 20260526123537.657
020 |a 84-7114-965-6 
037 |a Acervo ITESO - Biblioteca 
041 |a ESP 
082 |a 333. 91170942  |b HER 
100 |a Hernández-Mora, Nuria  |e (ed.) 
245 1 3 |a La economía del agua subterránea y su gestión colectiva /  |c Ed. de N. Hernández-Mora, M.R. llamas. 
264 4 |a Santander, España :  |b Fundación Marcelino Botín ;  |a Madrid, España :  |b Mundi-Prensa,  |c 2001, c2001 
300 |a XV, 550 p. 
336 |a texto  |b txt  |2 rdacontenido 
337 |a sin mediación  |b n  |2 rdamedio 
338 |a volumen  |b nc  |2 rdasoporte 
440 1 |a (Ciencia y Economía ;  |v 6) 
520 |a Se reunen trabajos sobre la valoración, la administración y el papel económico de las aguas subterráneas en España. Su uso para riego y para el abasto urbano. Se incluye un artículo sobre los aspectos socioeconómicos de las aguas emvasadas producto de la utilización de aguas subterráneas. 
649 |a XX 
650 |a Refrescos y Bebidas No Alcohólicas 
650 |a Agua -  |x Abastecimiento -  |z España 
650 |a Agua Potable -  |x Administración -  |z España 
650 |a Agua de Riego -  |x Administración -  |z España 
650 |a Aguas Subterráneas -  |z España 
650 |a Recursos Naturales -  |z España 
650 |a Recursos Naturales -  |x Administración 
700 |a Llamas, M. Ramón  |e (edición) 
910 |a Fondo General 
920 |a Impresos - Libros 
930 |a Colección General 
905 |a 101 
901 |a 0500059828  |b IT1  |c ACC  |u 20250521 
902 |a https://opac.biblio.iteso.mx/vufind/Record/000129795